=LDR 00000nam 2200000 4500 =001 NUTBA000000000006153 =005 20251219100802 =035 ##$$a 0010-111400000000632 =008 251219###########################0#ind## =020 ##$$a 979-9417-51-1 =040 ##$$a NBPDMAT =082 ##$$a 372.35 =090 ##$$a 372.35 $b Nis s =100 ##$$a Nisa Bastian =245 1#$$a Senang mencoba sains /$c Nisa Bastian =260 ##$$a Makasar :$b Galeri Lontara,$c 2008 =300 ##$$a 4 jil : $b ilus. ; $c 23 cm. =500 ##$$a Bibliografi : hlm. 52 =650 #4$$a Sains-eksperimen =084 ##$$a 372.35 NIS s =990 ##$$a 21418007 =990 ##$$a 21418008 =990 ##$$a 21418009 =990 ##$$a 21418010 =990 ##$$a 21418011 =990 ##$$a 21418012 =990 ##$$a 21418013 =990 ##$$a 21418014 =990 ##$$a 21418015 =990 ##$$a 21418016 =990 ##$$a 21418017 =990 ##$$a 21418018 =990 ##$$a 21418019 =990 ##$$a 21418020 =990 ##$$a 21418021 =990 ##$$a 21418022 =990 ##$$a 21418023 =990 ##$$a 21418024 =990 ##$$a 21418025 =990 ##$$a 21418026 =990 ##$$a 21418012 =990 ##$$a 21418007 =990 ##$$a 21418008 =990 ##$$a 21418009 =990 ##$$a 21418010 =990 ##$$a 21418011 =990 ##$$a 21418013 =990 ##$$a 21418014 =990 ##$$a 21418015 =990 ##$$a 21418016 =990 ##$$a 21418017 =990 ##$$a 21418018 =990 ##$$a 21418019 =990 ##$$a 21418020 =990 ##$$a 21418021 =990 ##$$a 21418022 =990 ##$$a 21418023 =990 ##$$a 21418024 =990 ##$$a 21418025 =990 ##$$a 21418026